Normal view
MARC view
- Alsop, Will
Entry Personal Name
001 - CONTROL NUMBER
- control field: 33006
003 - CONTROL NUMBER IDENTIFIER
- control field: NUST
005 - DATE AND TIME OF LATEST TRANSACTION
- control field: 20201020150114.0
008 - FIXED-LENGTH DATA ELEMENTS
- fixed length control field: 201020|| aca||aabn | a|a d
040 ## - CATALOGING SOURCE
- Original cataloging agency: NUST
- Transcribing agency: NUST
100 ## - HEADING--PERSONAL NAME
- Personal name: Alsop, Will
670 ## - SOURCE DATA FOUND
- Source citation: Work cat.: (NUST)455: Architects, Alsop & St Ormer. 33005, Alsop & stormer /, 1999.
